| 000 | 01237cab a22002175a 4500 | ||
|---|---|---|---|
| 001 | L137063 | ||
| 008 | 070313e2007 xxk 000 0 eng d | ||
| 035 | _a(Sirsi) u137063 | ||
| 041 | _aeng | ||
| 100 | 1 | _aGrigg, Peter | |
| 245 | 0 | 3 | _aAn inspector calls |
| 260 | _c2007 | ||
| 490 | 0 |
_aBuilding Services Journal _v29(3) March 2007, 63-65(3) |
|
| 520 | _aReports on requirements under the energy performance of buildings directive (Directive 2002/91/EC) Art 9 which will make the inspection of air conditioning systems mandatory. An industry working group has been set up to advise the DCLG on the implementation of Art 9 in England and Wales. Examines the contents of a CIBSE technical manual setting out a practical inspection procedure that is currently being drafted by the group. Also outlines the Auditac project, which will help specialists to identify practical measures to improve the energy performance of air conditioning systems. | ||
| 590 | _aKA | ||
| 650 | 2 | 4 | _aDIRECTIVE 2002/91/EC ART 9 |
| 651 | 4 |
_aEngland and Wales _y1543- |
|
| 690 | _aBUILT ENVIRONMENT-BUILDING ELEMENTS-COMPLETE BUILDING SERVICES ELEMENTS-COMPLETE HEATING, VENTILATION AND AIR CONDITIONING SYSTEMS | ||
| 700 | 1 | _aDavies, Hywel | |
| 942 | _n0 | ||
| 999 |
_c78534 _d78534 |
||